| 000 | 00580nam a2200169 4500 | ||
|---|---|---|---|
| 001 | 136467 | ||
| 003 | ES-MaACL | ||
| 005 | 20230906195136.0 | ||
| 007 | t| | ||
| 008 | 070214s1951 sp r ||||1| spa d | ||
| 100 | 1 |
_aSaegesser, Max. _9101290 |
|
| 245 | 1 | 0 |
_aTratado de terapéutica quirúrgica especial / _cMax Saegesser ; versión española de la segunda edición alemana por José María Plá Janini. |
| 260 |
_aBarcelona : _bLabor, _c1951. |
||
| 300 |
_aXVI, 1116 p. : _bil. ; _c25 cm. |
||
| 700 | 1 |
_aPla Janini, José María. _992495 |
|
| 852 |
_aES-MaACL _jD-6883 _bR.31737 |
||
| 999 |
_c136467 _d136467 |
||